Múzeum a galéria fotografie

Saved in:
Bibliographic Details
Main Author: Hreha, Rastislav (Author)
Other Authors: Bátor, Jozef (Thesis advisor)
Format: Manuscript Book
Language:Slovak
Published: Bratislava 2016
Subjects:
Online Access:http://is.stuba.sk/zp/portal_zp.pl?podrobnosti=102575
Tags: Add Tag
No Tags, Be the first to tag this record!

MARC

LEADER 00000ntm a22000003a 4500
001 stuzp57853
003 SK-STU
005 20210219103619.3
007 ta
008 150427s2015----xo-----f-mn---000-0-slo-d
040 |a STU  |b slo 
041 0 |a slo 
100 1 |a Hreha, Rastislav  |u 058180  |4 aut  |U FAD Fakulta architektúry  |T FA Ústav architektúry občianskych budov  |X 69968  |U A8180  |Y 399  |7 69968 
242 0 1 |a Museum and gallery of photography  |y eng 
245 1 0 |a Múzeum a galéria fotografie 
260 |c 2016  |a Bratislava 
650 4 |a múzeum  |2 slo 
650 4 |a galéria  |2 slo 
650 4 |a fotografia  |2 slo 
650 4 |a Petržalka  |2 slo 
650 4 |a konzola  |2 slo 
650 4 |a multimediálna fasáda  |2 slo 
650 4 |a museum  |2 eng 
650 4 |a Petržalka  |2 eng 
650 4 |a cantilever  |2 eng 
650 4 |a multimedial facade  |2 eng 
650 4 |a gallery  |2 eng 
650 4 |a photograph  |2 eng 
700 1 |a Bátor, Jozef  |u 058180  |k Z1  |4 ths  |U FAD Fakulta architektúry  |T FA Ústav architektúry občianskych budov  |X 4810  |U A8180  |Y 399  |7 A000004810 
856 4 |u http://is.stuba.sk/zp/portal_zp.pl?podrobnosti=102575  |u https://opac.crzp.sk/?fn=detailBiblioForm&sid=28C7416B5E23CF19947474CEF8E1 
SQL |a stuzp57853  |b DBP  |c SLO  |d Múzeum a galéria fotografie  |e 69968  |f Hreha, Rastislav  |g 058180  |h 4810  |i Bátor, Jozef  |j 20160609  |k 149  |l 05  |m http://is.stuba.sk/zp/portal_zp.pl?podrobnosti=102575  |n B-AU  |o 5.1.1. architektúra a urbanizmus